É assim que te lembras (Record no. 1989)
[ view plain ]
| 000 -Etiqueta do registo | |
|---|---|
| Valores | 00737nam a2200265 4500 |
| 010 ## - Número ISBN | |
| ISBN | 9789895815104 |
| 021 ## - Número do Depósito Legal | |
| Código do país | Portugal |
| Número | 548477/25 |
| 100 ## - Dados gerais de processamento | |
| Dados gerais | 20251120d2025 m||y0pory50030103ba |
| 101 ## - Língua de publicação | |
| Língua | Português |
| 102 ## - País de publicação | |
| País | Portugal |
| 200 ## - Titulo e menção de responsabilidade | |
| Título próprio | É assim que te lembras |
| Primeira menção de responsabilidade | Catherine Prasifka |
| Outras menções de responsabilidade | trad. Dinis Pires |
| 205 ## - Menção da edição | |
| Edição | 1ª edição |
| 210 ## - Publicação | |
| Local de publicação | Alfragide |
| Nome do editor | Casa das Letras |
| Data de publicação | 2025 |
| 215 ## - Descrição física | |
| Paginação / Volumes | 255 p. |
| Dimensões | 24 cm |
| 300 ## - Notas gerais | |
| Texto da nota | BMB-Registado |
| 304 ## - Nota relativa ao título | |
| Texto de nota | Tít. orig.: This is how you remember it |
| 606 ## - Nome comum usado como assunto | |
| ID Autoridade | 1143 |
| Palavra de ordem | Literatura Irlandesa |
| 606 ## - Nome comum usado como assunto | |
| ID Autoridade | 779 |
| Palavra de ordem | Romance |
| 675 ## - CDU | |
| Notação | 821.111(417)-31 |
| Edição | BMB |
| Língua | por |
| 700 ## - Autor principal (pessoa individual) | |
| Apelido | Prasifka |
| Nome | Catherine |
| ID Autoridade | 2861 |
| 702 ## - Autor secundário (pessoa individual) | |
| Apelido | Pires |
| Nome | Dinis |
| Função | Tradutor |
| ID Autoridade | 991 |
| 801 ## - Fonte de origem | |
| País | PT |
| Agência | BMB |
| Regras de catalogação | RPC |
| 990 ## - Elementos KOHA | |
| Tipo de documento | Livro |
| Situação do levantamento | Estado | Número | Biblioteca de origem | Código de barras | Cota | Permissão de empréstimo | Tipo de documento | Forma de aquisição |
|---|---|---|---|---|---|---|---|---|
| 1 | Biblioteca Municipal de Borba | 1938 | 821.111(417)-31 PRA / ASS | Livro | Compra |